MARC

Tag First Indicator Second Indicator Subfields
LEADER 00000cam a2200000Ii 4500
001 in00003535691
005 20150915113624.0
008 140925t20152015nyu d 000 1 eng d
035 |a (OCoLC)ocn891609950 
040 |a BTCTA  |b eng  |e rda  |c BTCTA  |d BDX  |d YDXCP  |d UPZ  |d OCLCO  |d FOLLT  |d PX0  |d OCLCO 
019 |a 891676617  |a 906023760 
020 |a 9780062291721 
020 |a 0062291726 
035 |a (OCoLC)891609950  |z (OCoLC)891676617  |z (OCoLC)906023760 
050 4 |a PZ7.R638 
082 0 4 |a [Fic]  |2 23 
049 |a TXAM 
090 |a PZ7.R638  |b Be 2015 
100 1 |a Roat, Sharon Huss,  |e author. 
245 1 0 |a Between the notes /  |c by Sharon Huss Roat. 
250 |a First editon. 
264 1 |a New York, NY :  |b HarperTeen, an imprint of HarperCollins Publishers,  |c [2015] 
264 4 |c ©2015 
300 |a 382 pages ;  |c 22 cm 
336 |a text  |b txt  |2 rdacontent 
337 |a unmediated  |b n  |2 rdamedia 
338 |a volume  |b nc  |2 rdacarrier 
500 |a Forced to give up her beloved piano and move to a less affluent neighborhood after her family experiences an economic setback, Ivy hides what has happened from her friends and a cute boy at school until a local bad boy threatens to expose her. 
650 0 |a Girls  |v Juvenile fiction. 
650 0 |a Deception  |v Juvenile fiction. 
650 0 |a Poor  |v Juvenile fiction. 
650 0 |a High schools  |v Juvenile fiction. 
650 0 |a Secrecy  |v Juvenile fiction. 
650 0 |a Teenagers  |v Juvenile fiction. 
650 0 |a Girls  |v Fiction. 
650 0 |a Deception  |v Fiction. 
650 0 |a Poor  |v Fiction. 
650 0 |a High schools  |v Fiction. 
650 0 |a Secrecy  |v Fiction. 
650 0 |a Teenagers  |v Fiction. 
655 0 |a Young adult fiction. 
655 7 |a Romance fiction.  |2 lcgft 
655 7 |a Domestic fiction.  |2 lcgft 
948 |a cataloged  |b h  |c 2015/9/15  |d c  |e ceaton  |f 11:36:10 am 
994 |a C0  |b TXA 
999 f f |s c88529b8-3eea-3e4b-baf5-6b9a91112c58  |i afb34cee-0b62-37ec-bc65-1c433134b9c0  |t 0 
952 f f |p normal  |a Texas A&M University  |b College Station  |c Sterling C. Evans Library  |d Evans: Curriculum Collection (4th floor)  |t 0  |e PZ7.R638 Be 2015  |h Library of Congress classification  |i unmediated -- volume  |m A14843130544 
998 f f |a PZ7.R638 Be 2015  |t 0  |l Evans: Curriculum Collection (4th floor)